Państwa z największą liczbą żołnierzy - Statystyki

Ogólne statystyki
  • Ten quiz został rozwiązany 24 595 razy
    11 937 od ostatniego zresetowania
  • Średni wynik to 16 z 22
Statystyki odpowiedzi
Liczba wojsk Państwo % Poprawnych
2,185,000 Chiny
99%
1,154,000 Rosja
99%
1,328,000 Stany Zjednoczone
99%
1,455,550 Indie
92%
366,500 Brazylia
88%
1,280,000 Korea Północna
88%
247,150 Japonia
85%
610,000 Korea Południowa
83%
216,000 Meksyk
81%
599,000 Iran
79%
209,000 Ukraina
78%
654,000 Pakistan
73%
438,500 Egipt
72%
425,000 Turcja
72%
395,500 Indonezja
65%
227,000 Arabia Saudyjska
61%
482,000 Wietnam
56%
250,000 Afganistan
54%
360,850 Tajlandia
52%
293,200 Kolumbia
44%
406,000 Mjanma
32%
255,000 Sri Lanka
11%
Nie znaleziono quizów pasujących do podanych kryteriów
Rozkład punktacji
Procent ludzi z każdym wynikiem
Percentyl według liczby udzielonych odpowiedzi
Twoja historia wyników
Nie rozwiązałeś tego quizu od ostatniego zresetowania